00484nam a2200193 a 4500001001300000003000900013005001700022008004100039020001000080082001600090100001800106245003400124260004100158300000800199500003500207505001100242650001900253700001800272nice12345678IN_TiNIC20260116012157.0050524s1953 hyda grp 000 0 urd  ac1.500a615.85bGHU aGhulam, Ahmad aQudrati Ilaj Ke Asan Tariqey. aHyderabadbIbrahimia Art Pressc1953 a92p aincludes index and biblioraphy2 aThesis aMedicine-Unani1 aGhulam, Ahmad